Pojem a postavenie verejnej správy v organizácii štátu
Základné chápanie podstatných vzťahov v spoločenskom objekte verejnej správy. Identifikácia verejnej správy. Definícia verejnej správy. Štátna moc, výkonná moc a verejná moc. Vzťah verejný záujem a súkromný záujem. Súkromná správa, právo a verejná správa.
Gespeichert in:
| 1. Verfasser: | |
|---|---|
| Format: | Buchkapitel |
| Sprache: | Slowakisch |
| Schlagworte: | |
| Tags: |
Keine Tags, Fügen Sie das erste Tag hinzu!
|
MARC
| LEADER | 00000naa$a2200000$$$4500 | ||
|---|---|---|---|
| 001 | 0001626 | ||
| 005 | 20231004075729.3 | ||
| 041 | 0 | |a slo | |
| 044 | |a CZ | ||
| 245 | 1 | 0 | |a Pojem a postavenie verejnej správy v organizácii štátu |c František Kosorín |
| 520 | |a Základné chápanie podstatných vzťahov v spoločenskom objekte verejnej správy. Identifikácia verejnej správy. Definícia verejnej správy. Štátna moc, výkonná moc a verejná moc. Vzťah verejný záujem a súkromný záujem. Súkromná správa, právo a verejná správa. | ||
| 610 | 2 | 0 | |a správa verejná |
| 610 | 2 | 0 | |a štát |
| 610 | 2 | 0 | |a moc štátna |
| 610 | 2 | 0 | |a moc verejná |
| 610 | 2 | 0 | |a moc výkonná |
| 610 | 2 | 0 | |a správa štátna |
| 100 | 1 | |a Kosorín, František | |